00465nam a22001457a 4500003000400000005001700004008004100021040001100062041001200073100004900085245005200134260005300186650002200239856005800261OSt20260203110542.0260203b |||||||| |||| 00| 0 eng d cMRSPTU aEnglish aRishav Garg, Supervisor: Dr. Sanjiv Aggarwal aPerformance Evaluation of Intelligent Buildings bDepartment of Civil Engg. MRSPTU, Bathindac2010 aCivil Engineering uhttp://163.47.215.52:8080/jspui/handle/123456789/1027